Simulador CPUCR. Parte 2

Salvato in:
Dettagli Bibliografici
Autore principale: Ulloa Jiménez, Sergio
Natura: Libro
Pubblicazione: [San José , Costa Rica] 1985
Tags: Aggiungi Tag
Nessun Tag, puoi essere il primo ad aggiungerne!!

MARC

LEADER 00000nam a2200000Ia 4500
003 002846
005 20231117103315.0
008 140114s1985 cr a m 000 ||s d
040 |c cru CEDI 
090 |a TFG 1689 
100 |a Ulloa Jiménez, Sergio   |9 14504 
245 |a Simulador CPUCR. Parte 2 
260 |a [San José , Costa Rica]  |c 1985 
500 |a A la Cabeza de la portada. Universidad de Costa Rica. Facultad de Ingeniería. Escuela de Ingeniería Eléctrica. Proyecto eléctrico I 
942 |c PIE  |h PIE-1689  |i 002846  |6 PIE_1689_002846_000000000000000 
999 |c 21084  |d 21084